000 00567 a2200181 4500
003 Nust
005 20251015114310.0
040 _cNust
082 _a621.382
100 _aAlvi, Maj Hamid Bashir (TE-16)
_9131112
245 _aMicrocomputer as logic chip tester /
_cMaj Hamid Bashir Alvi & Maj Khalifa Ali Saif & Capt Mohammad Safdar Mehdi &Capt Riaz Majeed Malik & Capt Zulqarnain Aamir
260 _aUET,Lahore
_bMCS
_c1984
300 _a45 ,p.;
538 _aT2 and Shelf No 3
650 _aUG Projects
_998716
651 _aTE-16
_9131111
942 _cPR
_2ddc
999 _c181887
_d181887